=LDR 00000nam 2200000 4500 =001 INLIS000000000044501 =005 20131008105942 =008 ***********************************Ind** =035 ##$$0010-101300000002423 =041 ##$$a Ind =082 ##$$a 2x5.2 =090 ##$$a 2x5.2 , Abb s =100 ##$$a Abbad, Muhammad Ibn =245 ##$$a Surat-surat sang Sufi , Muhammad Ibn Abbad =260 ##$$a Mizan $b 1986 =850 ##$$a NBPNMAT